The manatee / (Record no. 12658)

000 -LEADER
fixed length control field 00536pam a2200181 a 4500
020 ## - INTERNATIONAL STANDARD BOOK NUMBER
ISBN 0875184294 (lib. bdg.) :
040 ## - CATALOGING SOURCE
Transcribing agency DLC
082 00 - DEWEY DECIMAL CLASSIFICATION NUMBER
Classification number 599 DIL 1990 A035 Or.
100 1# - MAIN ENTRY--AUTHOR NAME
Personal name Sibbald, Jean H.
245 14 - TITLE STATEMENT
Title The manatee /
260 ## - PUBLICATION, DISTRIBUTION, ETC. (IMPRINT)
Place of publication Minneapolis, Minn. :
Name of publisher Dillon Press,
Year of publication c1990.
300 ## - PHYSICAL DESCRIPTION
Number of Pages 59 p. :
Other physical details col. ill. ;
Dimensions 23 cm.
500 ## - GENERAL NOTE
General note Includes index.
520 ## - SUMMARY, ETC.
Summary, etc Discusses the appearance and behavior of the manatee and examines its relationship with humans.
650 #0 - SUBJECT ADDED ENTRY--TOPICAL TERM
Topical Term Manatees
650 #1 - SUBJECT ADDED ENTRY--TOPICAL TERM
Topical Term Manatees.
942 ## - ADDED ENTRY ELEMENTS (KOHA)
Koha item type សៀវភៅភាសាអង់គ្លេស
952 ## - LOCATION AND ITEM INFORMATION (KOHA)
Withdrawn status [LOCAL, KOHA] 0
Holdings
Permanent Location Date acquired Koha item type Lost status Shelving location Barcode Current Location Full call number
Library Block A2017-08-16សៀវភៅភាសាអង់គ្លេស A035A15652Library Block A599 DIL 1990 A035 Or.
មជ្ឈមណ្ឌលឯការនៃសាកលវិទ្យាល័យភូមិន្ទកសិកម្មចំការដូង

Powered by Koha